000 00591nam a2200217Ii 4500
003 JO-AjNU
008 230606s9999||||xx |||||||||||||| ||und||
020 _a978-0-7277-5816-3
040 _aJO-AjNU
_beng
_erda
_cJO-AjNU
041 _aeng
050 1 4 _aTD430.B52 2013
100 3 _aKaimber , Martin,
_eauthor
_94303
245 0 0 _aBasic Water Treatment
250 _a5 ed
264 3 1 _aIce publishing ,2013
300 _a293p
336 _atext
_btxt
_2rdacontent
337 _aunmediated
_bn
_2rdamedia
338 _avolume
_bnc
_2rdacarrier
650 4 _aBasic Water Treatment
_94304
999 _aE2237
_c2235
_d2235